000 00632nam a2200229Ia 4500
003 OSt
005 20220928113657.0
006 a|||||r|||| 00| 0
007 ta
008 220927b |||||||| |||| 00| 0 eng d
024 _a75175
037 _cTextual
040 _aSDCL
_cSDCL
_beng
041 _2eng
_aeng
082 _aV51v, K9
100 _aAustin Norman Ed.
_9434431
245 0 _aGreek historians
_b Introduction and selected readings.
260 _aNew York
_b Van Nostrand-Reinhold
_c1969
300 _avii,281p
_ccm.
942 _hV51v, K9
_cTEXL
_2CC
999 _c750768
_d750768